[Event "Mumbai Wealth op"]
[Site "Mumbai"]
[Date "2016.02.02"]
[Round "6"]
[White "Aan, Sikka"]
[Black "Savalkar, Mayuri"]
[Result "1-0"]
[WhiteElo "1678"]
[BlackElo "1260"]
[PlyCount "62"]
[EventDate "2016.01.28"]
[EventType "swiss"]
[EventRounds "9"]
[EventCountry "IND"]
[SourceTitle "CBM 170 Extra"]
[Source "ChessBase"]
[SourceDate "2016.02.25"]
[SourceVersion "1"]
[SourceVersionDate "2016.02.25"]
[SourceQuality "1"]

1. e4 e5 2. Nf3 Nc6 3. Bc4 Bc5 4. c3 Nf6 5. d3 h6 6. Nbd2 d6 7. h3 Ne7 8. Nf1 Ng6 9. Ng3 0-0 10. 0-0 Bb6 11. Bb3 c6 12. d4 exd4 13. Nxd4 Bxd4 14. Qxd4 Be6 15. Bc2 c5 16. Qd1 d5 17. f4 dxe4 18. f5 Bc4 19. fxg6 Bxf1 20. gxf7+ Kh8 21. Qxf1 Qe7 22. Qf5 Rxf7 23. Nxe4 Nxe4 24. Qxe4 Qxe4 25. Bxe4 Raf8 26. Bf3 b6 27. Be3 Rf6 28. Rd1 R8f7 29. Bf2 Rc7 30. Bh4 Rff7 31. Rd5 Kh7 1-0